LIBRARY & INFORMATION CENTRE, KCAET, TAVANUR

ONLINE PUBLIC ACCESS CATALOGUE (OPAC)

Christopher Marlowe: A biographical and critical study / (Record no. 411)

MARC details
000 -LEADER
fixed length control field 00410cam a2200145ua 4500
041 ## - LANGUAGE CODE
Language code of text/sound track or separate title eng
082 ## - DEWEY DECIMAL CLASSIFICATION NUMBER
Classification number 928.21
Item number BOA/CH
100 ## - MAIN ENTRY--AUTHOR NAME
Personal name Boas, Frederick S .
245 ## - TITLE STATEMENT
Title Christopher Marlowe: A biographical and critical study /
260 ## - PUBLICATION, DISTRIBUTION, ETC. (IMPRINT)
Place of publication :
Name of publisher Oxfort at the Clarendou Press ,
Year of publication 1964.
300 ## - PHYSICAL DESCRIPTION
Number of Pages 336 ; .
650 ## - SUBJECT ADDED ENTRY--TOPICAL TERM
Topical Term Biography
942 ## - ADDED ENTRY ELEMENTS (KOHA)
Koha item type Books
Holdings
Withdrawn status Lost status Damaged status Home library Current library Date acquired Full call number Accession Number Koha item type
Withdrawn     KAUAET Sanskrit University 07/04/2012 928.21 5285 Books
free website counter